| 000 | 00941nam a2200205Ia 4500 | ||
|---|---|---|---|
| 003 | OSt | ||
| 005 | 20241028145848.0 | ||
| 007 | ca aa aaaaa | ||
| 008 | 201103s9999 xx 000 0 und d | ||
| 040 | _cSSBUL | ||
| 041 | _abur | ||
| 082 |
_223 _a၂၉၄.၃၄၄၃ ချမ်း _b၉၂၄၃ S-SAT |
||
| 100 | 0 |
_aစန္ဒာဝရ၊ ဘဒ္ဒန္တ၊ ပဲနွယ်ကုန်းဆရာတော်- _917383 |
|
| 245 | 1 | 0 |
_aရောဂါပျောက်အောင်ဆေးသောက်ပါ / _cပဲနွယ်ကုန်းဆရာတော်ဘဒ္ဒန္တစန္ဒာဝရ။ |
| 260 |
_aရန်ကုန် ၊ _bယုံကြည်ချက်စာပေ၊ _c၂၀၁၀။ |
||
| 300 |
_a၁၁၁ စာမျက်နှာ ၊ _c၁၈ စင်တီ။ |
||
| 500 | _aS-SAT: Dr. Sai Aung Tun | ||
| 650 | _aဗုဒ္ဓတရားတော် | ||
| 942 |
_2ddc _cBK1 |
||
| 999 |
_c16787 _d16787 |
||